Historical Flags of Afghanistan - Statistics

General Stats
  • This quiz has been taken 81 times
  • The average score is 18 of 40
Answer Stats
Picture Hint Answer % Correct
Islamic Emirate of Afghanistan 2021
67%
Islamic Emirate of Afghanistan 2021
67%
Islamic Emirate of Afghanistan 2021
67%
Democratic Republic of Afghanistan 1978
56%
Democratic Republic of Afghanistan 1978
56%
Transitional Administration 2002
56%
Transitional Administration 2002
56%
Islamic State of Afghanistan 1992/1996
54%
Islamic Republic of Afghanistan 2004
54%
Islamic Republic of Afghanistan 2004
54%
Islamic Republic of Afghanistan 2004
54%
Islamic State of Afghanistan 1992
51%
Islamic State of Afghanistan 1992
51%
Islamic Emirate of Afghanistan 1996
51%
Islamic State of Afghanistan 2001
51%
Republic of Afghanistan 1974
49%
Democratic Republic of Afghanistan 1980
49%
Democratic Republic of Afghanistan 1980
49%
Republic of Afghanistan 1973
46%
Republic of Afghanistan 1987
46%
Islamic Emirate of Afghanistan 1997
46%
Islamic Emirate of Afghanistan 1997
46%
Islamic Emirate of Afghanistan 1997
46%
Hotak Dynasty 1709
41%
Kingdom of Afghanistan 1930
41%
Kingdom of Afghanistan 1926
33%
Kingdom of Afghanistan 1929
33%
Kingdom of Afghanistan 1929
33%
Emirate of Afghanistan 1929
33%
Emirate of Afghanistan 1929
33%
Kingdom of Afghanistan 1929
33%
Kingdom of Afghanistan 1929
33%
Emirate of Afghanistan 1921
31%
Kingdom of Afghanistan 1928
31%
Kingdom of Afghanistan 1928
31%
Kingdom of Afghanistan 1928
31%
Emirate of Afghanistan 1901
28%
Emirate of Afghanistan 1919
28%
Emirate of Herat 1818
26%
Emirate of Afghanistan 1880
23%
No matching quizzes found
Score Distribution
Percent of People with Each Score
Percentile by Number Answered
Your Score History
You have not taken this quiz